000 00549nmm a2200193Ia 4500
008 251105s9999||||xx |||||||||||||||||und||
020 _a9788467524116
041 _aspa
100 _aLourenzo, Manuel
245 0 _aEl día después del día
264 _a[Madrid, España] :
_bGrupo SM,
_c2007
300 _a128 páginas
490 _aEl Barco de Vapor Naranja
650 _aAges 9-12 Years Old
700 _aLourenzo, Manuel
700 1 _a Flores, Enrique (il.)
856 _uhttps://public.digitaliapublishing.com/a/86161
942 _cCF
999 _c68052
_d68052